Harry Potter Logic Puzzle #6 - Statistics

General Stats
  • This quiz has been taken 2,786 times
  • The average score is 8 of 15
Answer Stats
Item % Correct
Gilderoy Lockhart
98%
The Mirror of Erised
91%
Leaky Cauldron
89%
Alohomora
81%
Rufus Scrimgeour
81%
Percy Weasley
80%
Bill Weasley
66%
Vernon Dursley
57%
Arabella Figg
51%
Mundungus Fletcher
29%
Mafalda Hopkirk
26%
Olympe Maxime
25%
Igor Karkaroff
23%
Viktor Krum
21%
Pius Thicknesse
20%
No matching quizzes found
Score Distribution
Percent of People with Each Score
Percentile by Number Answered
Your Score History
You have not taken this quiz